000 00704cam a22002533a 4500
001 12382
003 PGUSA
005 20140828083248.0
008 040501s2004||||xxu|||||s|||||000 1 eng d
040 _aPGUSA
_beng
042 _adc
050 4 _aPT
100 1 _aSudermann, Hermann,
_d1857-1928
245 1 0 _aKissanporras :
_bRomaani
_h[electronic resource] /
_cHermann Sudermann
260 _bProject Gutenberg,
_c2004
506 _aPublic domain in the USA.
516 _aElectronic text
653 _aFiction
700 1 _aAhava, Juho,
_d1875-1919
740 0 _aDer Katzensteg. Finnish
830 0 _aProject Gutenberg
_v12382
856 4 0 _uhttp://www.gutenberg.org/ebooks/12382
942 _cEB
999 _c241637
_d241637